LIBRARY & INFORMATION CENTRE, KCAET, TAVANUR

ONLINE PUBLIC ACCESS CATALOGUE (OPAC)

Future evolution of man:the divine life upon earth / (Record no. 12546)

MARC details
000 -LEADER
fixed length control field 00444cam a2200169ua 4500
041 ## - LANGUAGE CODE
Language code of text/sound track or separate title eng
082 ## - DEWEY DECIMAL CLASSIFICATION NUMBER
Classification number 294.54
Item number AUR/FU
100 ## - MAIN ENTRY--AUTHOR NAME
Personal name Aurobindo, .
245 ## - TITLE STATEMENT
Title Future evolution of man:the divine life upon earth /
260 ## - PUBLICATION, DISTRIBUTION, ETC. (IMPRINT)
Place of publication London :
Name of publisher George Allen & Unwin Ltd ,
Year of publication 1963.
300 ## - PHYSICAL DESCRIPTION
Number of Pages 1560 ; .
942 ## - ADDED ENTRY ELEMENTS (KOHA)
Koha item type Books
Holdings
Withdrawn status Lost status Damaged status Home library Current library Date acquired Full call number Accession Number Koha item type Public note
Withdrawn     KAUAET KAUAET 07/04/2012 294.54 4037 Books Deleted
free website counter